Quiz équipe du H #1 - Statistiques

Statistiques générales
  • Ce quiz a été pris 14 fois
  • Le résultat moyen est 5 sur 9
Statistiques - réponses
Question Réponse % Correct
La Mp40 est Allemande
92%
Quel nazi à été choppé en argentine Barbie
77%
Himmler était le chef de la Gestapo
77%
Goebbels était le chef de la propagande du régime Nazi
77%
Le H était végétarien oui
77%
Qu'est ce que le nid d'aigle ? La résidence du H en Autriche
54%
Speer était le chef de l'architecture du reich
31%
Goerring était le président du du Reich
31%
Ribbentrop était le chef des affaires étrangères
23%
Aucun quiz correspondant
Distribution des résultats
% des personnes avec chaque résultat
Percentile par nombre de réponses
Votre historique - résultats
Vous n’avez pas pris ce quiz